Statistiques concernant Monnaie des pays d'Amérique du Sud

Cliquez ici pour prendre le quiz!

Statistiques générales

  • Ce quiz a été pris 58 fois
    (28 depuis la dernière actualisation)
  • Le résultat moyen est 7 sur 12

Statistiques - réponses

HintRéponse% Correct
ArgentinePeso
100%
ChiliPeso
89%
ColombiePeso
89%
UruguayPeso
74%
SurinameDollar
53%
BrésilReal
53%
VenezuelaBolívar
47%
EquateurDollar
47%
GuyanaDollar
47%
PerouSol
37%
BolivieBoliviano
32%
ParaguayGuaraní
26%

Distribution des résultats

Percentile par nombre de réponses

% des personnes avec chaque résultat

Votre développement - résultats

Vous n’avez pas pris ce quiz depuis la dernière actualisation